| 000 | 00486nam a2200205Ia 4500 | ||
|---|---|---|---|
| 003 | OSt | ||
| 005 | 20231120163118.0 | ||
| 008 | 210210b1958 xxu||||| |||| 00| 0 eng d | ||
| 040 | _cAL | ||
| 041 | _aeng | ||
| 082 | _a590/261 | ||
| 100 |
_aRAKSHPAL (R) _9142545 |
||
| 245 | _aPeriplaneta americana | ||
| 260 |
_aDelhi _bAtma Ram & Sons _c1958 |
||
| 650 |
_aPeriplaneta _9142546 |
||
| 650 |
_aamericana _9142547 |
||
| 690 |
_aZoology _9142548 |
||
| 906 | _a010832 | ||
| 942 |
_2ddc _cBK |
||
| 999 |
_c138723 _d138723 |
||